<?xml version="1.0" encoding="UTF-8"?>
<record
    xmlns:xsi="http://www.w3.org/2001/XMLSchema-instance"
    xsi:schemaLocation="http://www.loc.gov/MARC21/slim http://www.loc.gov/standards/marcxml/schema/MARC21slim.xsd"
    xmlns="http://www.loc.gov/MARC21/slim">

  <leader>00516nam a22001577a 4500</leader>
  <controlfield tag="003">OSt</controlfield>
  <controlfield tag="005">20150912150925.0</controlfield>
  <controlfield tag="008">150912b        xxu||||| |||| 00| 0 eng d</controlfield>
  <datafield tag="040" ind1=" " ind2=" ">
    <subfield code="c">RUA</subfield>
  </datafield>
  <datafield tag="082" ind1=" " ind2=" ">
    <subfield code="a">AGR &#x1794;&#x17C9;&#x17C2;&#x1793; 1995 B015 Or.1</subfield>
  </datafield>
  <datafield tag="100" ind1=" " ind2=" ">
    <subfield code="9">339</subfield>
    <subfield code="a">&#x1794;&#x17C9;&#x17C2;&#x1793; &#x1787;&#x17B6;</subfield>
  </datafield>
  <datafield tag="245" ind1=" " ind2=" ">
    <subfield code="a">&#x1780;&#x17B6;&#x179A;&#x1780;&#x17B6;&#x179A;&#x1796;&#x17B6;&#x179A;&#x1782;&#x17D2;&#x179A;&#x17B6;&#x1794;&#x17CB;&#x1792;&#x1789;&#x17D2;&#x1789;&#x1787;&#x17B6;&#x178F;&#x17B7;&#x1796;&#x17B8;&#x1780;&#x17B6;&#x179A;&#x1794;&#x17C6;&#x1795;&#x17D2;&#x179B;&#x17B6;&#x1789;&#x179A;&#x1794;&#x179F;&#x17CB;&#x179F;&#x178F;&#x17D2;&#x179C;&#x179F;&#x17D2;&#x17A2;&#x17B7;&#x178F;</subfield>
  </datafield>
  <datafield tag="260" ind1=" " ind2=" ">
    <subfield code="a">Phnom Penh</subfield>
    <subfield code="b">RUA</subfield>
    <subfield code="c">1995</subfield>
  </datafield>
  <datafield tag="300" ind1=" " ind2=" ">
    <subfield code="a">77p.</subfield>
    <subfield code="b">ill.</subfield>
    <subfield code="c">29cm.</subfield>
  </datafield>
  <datafield tag="942" ind1=" " ind2=" ">
    <subfield code="2">ddc</subfield>
    <subfield code="c">AGR</subfield>
  </datafield>
  <datafield tag="999" ind1=" " ind2=" ">
    <subfield code="c">317</subfield>
    <subfield code="d">317</subfield>
  </datafield>
  <datafield tag="952" ind1=" " ind2=" ">
    <subfield code="0">0</subfield>
    <subfield code="1">0</subfield>
    <subfield code="2">ddc</subfield>
    <subfield code="4">0</subfield>
    <subfield code="6">AGR_&#x1794;&#x17C2;&#x1793;_1995_000000000000000_B015_OR_1</subfield>
    <subfield code="7">0</subfield>
    <subfield code="9">1455</subfield>
    <subfield code="a">LBB</subfield>
    <subfield code="b">LBB</subfield>
    <subfield code="c">B015</subfield>
    <subfield code="d">2015-09-12</subfield>
    <subfield code="o">AGR &#x1794;&#x17C9;&#x17C2;&#x1793; 1995 B015 Or.1</subfield>
    <subfield code="p">RUA004499</subfield>
    <subfield code="r">2015-09-12</subfield>
    <subfield code="w">2015-09-12</subfield>
    <subfield code="y">AGR</subfield>
  </datafield>
  <datafield tag="952" ind1=" " ind2=" ">
    <subfield code="0">0</subfield>
    <subfield code="1">0</subfield>
    <subfield code="2">ddc</subfield>
    <subfield code="4">0</subfield>
    <subfield code="6">AGR_&#x1794;&#x17C2;&#x1793;_1995_000000000000000_B015_OR_2</subfield>
    <subfield code="7">0</subfield>
    <subfield code="9">1456</subfield>
    <subfield code="a">LBB</subfield>
    <subfield code="b">LBB</subfield>
    <subfield code="c">B015</subfield>
    <subfield code="d">2015-09-12</subfield>
    <subfield code="o">AGR &#x1794;&#x17C9;&#x17C2;&#x1793; 1995 B015 Or.2</subfield>
    <subfield code="p">RUA004216</subfield>
    <subfield code="r">2015-09-12</subfield>
    <subfield code="w">2015-09-12</subfield>
    <subfield code="y">AGR</subfield>
  </datafield>
  <datafield tag="952" ind1=" " ind2=" ">
    <subfield code="0">0</subfield>
    <subfield code="1">0</subfield>
    <subfield code="2">ddc</subfield>
    <subfield code="4">0</subfield>
    <subfield code="6">AGR_&#x1794;&#x17C2;&#x1793;_1995_000000000000000_B015_OR_3</subfield>
    <subfield code="7">0</subfield>
    <subfield code="9">1457</subfield>
    <subfield code="a">LBB</subfield>
    <subfield code="b">LBB</subfield>
    <subfield code="c">B015</subfield>
    <subfield code="d">2015-09-12</subfield>
    <subfield code="o">AGR &#x1794;&#x17C9;&#x17C2;&#x1793; 1995 B015 Or.3</subfield>
    <subfield code="p">RUA004500</subfield>
    <subfield code="r">2015-09-12</subfield>
    <subfield code="w">2015-09-12</subfield>
    <subfield code="y">AGR</subfield>
  </datafield>
  <datafield tag="952" ind1=" " ind2=" ">
    <subfield code="0">0</subfield>
    <subfield code="1">0</subfield>
    <subfield code="2">ddc</subfield>
    <subfield code="4">0</subfield>
    <subfield code="6">AGR_&#x1794;&#x17C2;&#x1793;_1995_000000000000000_B015_OR_4</subfield>
    <subfield code="7">0</subfield>
    <subfield code="9">1458</subfield>
    <subfield code="a">LBB</subfield>
    <subfield code="b">LBB</subfield>
    <subfield code="c">B015</subfield>
    <subfield code="d">2015-09-12</subfield>
    <subfield code="o">AGR &#x1794;&#x17C9;&#x17C2;&#x1793; 1995 B015 Or.4</subfield>
    <subfield code="p">RUA004428</subfield>
    <subfield code="r">2015-09-12</subfield>
    <subfield code="w">2015-09-12</subfield>
    <subfield code="y">AGR</subfield>
  </datafield>
  <datafield tag="952" ind1=" " ind2=" ">
    <subfield code="0">0</subfield>
    <subfield code="1">0</subfield>
    <subfield code="2">ddc</subfield>
    <subfield code="4">0</subfield>
    <subfield code="6">AGR_&#x1794;&#x17C2;&#x1793;_1995_000000000000000_B015_OR_5</subfield>
    <subfield code="7">0</subfield>
    <subfield code="9">1459</subfield>
    <subfield code="a">LBB</subfield>
    <subfield code="b">LBB</subfield>
    <subfield code="c">B015</subfield>
    <subfield code="d">2015-09-12</subfield>
    <subfield code="o">AGR &#x1794;&#x17C9;&#x17C2;&#x1793; 1995 B015 Or.5</subfield>
    <subfield code="p">RUA004218</subfield>
    <subfield code="r">2015-09-12</subfield>
    <subfield code="w">2015-09-12</subfield>
    <subfield code="y">AGR</subfield>
  </datafield>
  <datafield tag="952" ind1=" " ind2=" ">
    <subfield code="0">0</subfield>
    <subfield code="1">0</subfield>
    <subfield code="2">ddc</subfield>
    <subfield code="4">0</subfield>
    <subfield code="6">AGR_&#x1794;&#x17C2;&#x1793;_1995_000000000000000_B015_OR_6</subfield>
    <subfield code="7">0</subfield>
    <subfield code="9">1460</subfield>
    <subfield code="a">LBB</subfield>
    <subfield code="b">LBB</subfield>
    <subfield code="c">B015</subfield>
    <subfield code="d">2015-09-12</subfield>
    <subfield code="o">AGR &#x1794;&#x17C9;&#x17C2;&#x1793; 1995 B015 Or.6</subfield>
    <subfield code="p">RUA004430</subfield>
    <subfield code="r">2015-09-12</subfield>
    <subfield code="w">2015-09-12</subfield>
    <subfield code="y">AGR</subfield>
  </datafield>
  <datafield tag="952" ind1=" " ind2=" ">
    <subfield code="0">0</subfield>
    <subfield code="1">0</subfield>
    <subfield code="2">ddc</subfield>
    <subfield code="4">0</subfield>
    <subfield code="6">AGR_&#x1794;&#x17C2;&#x1793;_1995_000000000000000_B015_OR_7</subfield>
    <subfield code="7">0</subfield>
    <subfield code="9">1461</subfield>
    <subfield code="a">LBB</subfield>
    <subfield code="b">LBB</subfield>
    <subfield code="c">B015</subfield>
    <subfield code="d">2015-09-12</subfield>
    <subfield code="o">AGR &#x1794;&#x17C9;&#x17C2;&#x1793; 1995 B015 Or.7</subfield>
    <subfield code="p">RUA003972</subfield>
    <subfield code="r">2015-09-12</subfield>
    <subfield code="w">2015-09-12</subfield>
    <subfield code="y">AGR</subfield>
  </datafield>
  <datafield tag="952" ind1=" " ind2=" ">
    <subfield code="0">0</subfield>
    <subfield code="1">0</subfield>
    <subfield code="2">ddc</subfield>
    <subfield code="4">0</subfield>
    <subfield code="6">AGR_&#x1794;&#x17C2;&#x1793;_1995_000000000000000_B015_OR_8</subfield>
    <subfield code="7">0</subfield>
    <subfield code="9">1462</subfield>
    <subfield code="a">LBB</subfield>
    <subfield code="b">LBB</subfield>
    <subfield code="c">B015</subfield>
    <subfield code="d">2015-09-12</subfield>
    <subfield code="o">AGR &#x1794;&#x17C9;&#x17C2;&#x1793; 1995 B015 Or.8</subfield>
    <subfield code="p">RUA003966</subfield>
    <subfield code="r">2015-09-12</subfield>
    <subfield code="w">2015-09-12</subfield>
    <subfield code="y">AGR</subfield>
  </datafield>
</record>
